[Event "NAYCC U14"]
[Site "Windsor CAN"]
[Date "2016.08.10"]
[Round "7.82"]
[White "Jasniewicz, Adam"]
[Black "Butchart, Brian"]
[Result "0-1"]
[WhiteElo "807"]
[BlackElo "1177"]
[PlyCount "38"]
[EventDate "2016.08.07"]
[EventType "swiss"]
[EventRounds "9"]
[EventCountry "CAN"]

1. d4 Nf6 2. Nf3 g6 3. Bf4 Bg7 4. e3 d5 5. Nc3 O-O 6. Bd3 Nbd7 7. Qe2 c5 8.
O-O-O c4 9. Nb5 cxd3 10. Qxd3 a6 11. Nc7 Ra7 12. Rdg1 b5 13. g4 Rxc7 14. h4 Ra7
15. h5 Nb6 16. hxg6 fxg6 17. Rh2 Bxg4 18. Ng5 Bf5 19. e4 Nxe4 0-1

[Event "NAYCC U14"]
[Site "Windsor CAN"]
[Date "2016.08.10"]
[Round "7.83"]
[White "Zaid, Shahmeer"]
[Black "Periappuram, Jacob"]
[Result "0-1"]
[WhiteElo "820"]
[BlackElo "873"]
[PlyCount "84"]
[EventDate "2016.08.07"]
[EventType "swiss"]
[EventRounds "9"]
[EventCountry "CAN"]

1. e4 e5 2. Nf3 Nc6 3. Bc4 Bc5 4. d3 h6 5. O-O Nf6 6. a3 d6 7. Nc3 a6 8. Re1
Be6 9. Bxe6 fxe6 10. b4 Ba7 11. Be3 O-O 12. h3 Nd4 13. Ra2 Nxf3+ 14. Qxf3 Nd5
15. Qh5 Nxe3 16. fxe3 Qf6 17. Qe2 Qh4 18. Raa1 c6 19. Rad1 d5 20. Kh1 d4 21.
exd4 Bxd4 22. Na4 Rf2 23. Qg4 Qxg4 24. hxg4 Rxc2 25. Rc1 Rxc1 26. Rxc1 Be3 27.
Rc2 Rd8 28. Nc5 Bxc5 29. bxc5 Rxd3 30. a4 Ra3 31. Rd2 Rxa4 32. Rd6 Rxe4 33.
Rxe6 a5 34. Re7 a4 35. Rxb7 Rc4 36. Ra7 e4 37. Kg1 e3 38. Kf1 Rf4+ 39. Ke2 Rxg4
40. Kxe3 Rxg2 41. Rxa4 Kf7 42. Ke4 Rg4+ 0-1

[Event "NAYCC U14"]
[Site "Windsor CAN"]
[Date "2016.08.11"]
[Round "8.57"]
[White "Nakada, Akira"]
[Black "Shlionsky, Aaron"]
[Result "0-1"]
[WhiteElo "1904"]
[BlackElo "2204"]
[PlyCount "160"]
[EventDate "2016.08.07"]
[EventType "swiss"]
[EventRounds "9"]
[EventCountry "CAN"]

1. d4 Nf6 2. c4 e6 3. Nc3 Bb4 4. e3 O-O 5. Bd3 c5 6. Nf3 d5 7. O-O dxc4 8. Bxc4
Nc6 9. a3 Bxc3 10. bxc3 Qc7 11. Bb2 e5 12. h3 h6 13. Ba2 Rd8 14. Qe2 Qe7 15.
Rad1 Be6 16. c4 cxd4 17. exd4 exd4 18. Nxd4 Nxd4 19. Rxd4 Rxd4 20. Bxd4 Rd8 21.
Qe3 b6 22. c5 Rxd4 23. Qxd4 Bxa2 24. c6 Qc7 25. Rc1 Be6 26. f4 Ne8 27. Qe4 Nf6
28. Qd4 h5 29. Qe5 Qxe5 30. fxe5 Nd5 31. c7 Ne7 32. Rd1 Kh7 33. Rd6 Kg6 34. Rd1
Kf5 35. Re1 Bc8 36. Kf2 Nd5 37. Kg3 Ke6 38. Kh4 Nxc7 39. Rc1 Kd7 40. Kxh5 Ne6
41. Kg4 Nc5 42. Rd1+ Ke6 43. Kf4 Ba6 44. Rd6+ Ke7 45. Rd1 Nd3+ 46. Kf5 g6+ 47.
Kg5 Ke6 48. Rf1 Nxe5 49. Re1 Bb7 50. Kf4 f6 51. g4 g5+ 52. Kg3 Kd6 53. Rf1 Nf3
54. Rd1+ Bd5 55. Rc1 Nd2 56. Rc8 Kd7 57. Rf8 a5 58. Kf2 Ke6 59. Rb8 Nc4 60. Ke2
Be4 61. Kf2 Ke5 62. Kg3 Bc6 63. h4 gxh4+ 64. Kxh4 b5 65. Rc8 Bd7 66. Rc7 Kd6
67. Ra7 a4 68. Ra6+ Ke5 69. Ra7 Be6 70. g5 fxg5+ 71. Kh5 Nxa3 72. Ra5 Bc4 73.
Ra8 Nc2 74. Re8+ Kd4 75. Rd8+ Kc3 76. Rb8 a3 77. Ra8 a2 78. Kxg5 a1=Q 79. Rxa1
Nxa1 80. Kf4 b4 0-1

[Event "NAYCC U14"]
[Site "Windsor CAN"]
[Date "2016.08.11"]
[Round "8.59"]
[White "Ling, Evan"]
[Black "Hua, Eugene"]
[Result "0-1"]
[WhiteElo "1776"]
[BlackElo "2140"]
[PlyCount "78"]
[EventDate "2016.08.07"]
[EventType "swiss"]
[EventRounds "9"]
[EventCountry "CAN"]

1. e4 c5 2. Nf3 e6 3. d4 cxd4 4. Nxd4 Nc6 5. Nc3 Qc7 6. Be3 a6 7. Qf3 Ba3 8.
O-O-O Ne5 9. Qg3 Qxc3 10. bxa3 Ng6 11. Nb3 Nf6 12. Rd4 e5 13. Rc4 Qe1+ 14. Kb2
b5 15. Rb4 Qd1 16. f3 Bb7 17. Nd2 Rc8 18. c3 O-O 19. Rg1 Rxc3 20. Bd3 Qxg1 21.
Bxg1 Rxd3 22. Qf2 d5 23. exd5 Rd8 24. Nb3 Bxd5 25. Nc1 Rd1 26. Qb6 Bc4 27. Be3
Nf4 28. g3 Ne6 29. Kc2 R1d6 30. Qa7 Nd5 31. Rb2 R6d7 32. Qxa6 Nxe3+ 33. Kb1 Rd1
34. Rf2 b4 35. Qb6 Nd5 36. Qc6 Nc3+ 37. Kb2 Rxc1 38. Kxc1 Rd1+ 39. Kb2 Rb1+ 0-1

[Event "NAYCC U14"]
[Site "Windsor CAN"]
[Date "2016.08.11"]
[Round "8.60"]
[White "Doknjas, Joshua"]
[Black "Liu, Daniel"]
[Result "1-0"]
[WhiteElo "2137"]
[BlackElo "1609"]
[PlyCount "109"]
[EventDate "2016.08.07"]
[EventType "swiss"]
[EventRounds "9"]
[EventCountry "CAN"]

1. e4 c5 2. Nf3 d6 3. d4 cxd4 4. Nxd4 Nf6 5. Nc3 a6 6. h3 e6 7. g4 Be7 8. g5
Nfd7 9. Be3 Nc6 10. h4 Qa5 11. Be2 Nc5 12. Qd2 Bd7 13. a3 Rb8 14. O-O h6 15. b4
Qc7 16. Nxc6 Nxe4 17. Nxe4 Bxc6 18. Ng3 hxg5 19. hxg5 d5 20. Bf3 Bd6 21. Bd4 e5
22. Bc5 Bxc5 23. bxc5 Qd7 24. Qe2 Qe7 25. Rfe1 e4 26. c4 Qxg5 27. cxd5 Bxd5 28.
Bxe4 O-O 29. Bxd5 Qxd5 30. Qe5 Rfd8 31. Nf5 Qxe5 32. Rxe5 Rd7 33. Rb1 g6 34.
Nd6 Kg7 35. Rd5 Rc7 36. Re1 Kf8 37. Nc4 Rbc8 38. Nb6 Re8 39. Red1 Kg7 40. Kg2
Re2 41. R1d4 Rc2 42. Na4 Ra2 43. Rd3 Rc2 44. R5d4 Rc6 45. Rb3 Rf6 46. Rf3 Ra2
47. Rdd3 Rc2 48. Rxf6 Kxf6 49. Rb3 Rc4 50. Nb6 Rd4 51. Kf3 Ke6 52. Re3+ Kf6 53.
Nc8 Rd7 54. Nd6 Kg5 55. Rb3 1-0

[Event "NAYCC U14"]
[Site "Windsor CAN"]
[Date "2016.08.11"]
[Round "8.61"]
[White "Cai, Jason"]
[Black "Surya, Benito"]
[Result "1-0"]
[WhiteElo "1997"]
[BlackElo "1814"]
[PlyCount "71"]
[EventDate "2016.08.07"]
[EventType "swiss"]
[EventRounds "9"]
[EventCountry "CAN"]

1. e4 d5 2. exd5 Qxd5 3. Nc3 Qa5 4. d4 Nf6 5. Bc4 Nc6 6. d5 Ne5 7. Bb3 Bf5 8.
Qe2 Ne4 9. Qb5+ Qxb5 10. Nxb5 Kd7 11. Bf4 f6 12. Bxe5 fxe5 13. Nf3 Nd6 14.
Nxe5+ Kc8 15. Nd4 g6 16. O-O-O Bg7 17. Rhe1 Ne4 18. f4 a5 19. g4 Bxe5 20. fxe5
Bxg4 21. Rxe4 Bxd1 22. Kxd1 Rf8 23. Ke2 a4 24. Bc4 Ra5 25. Ke3 Ra8 26. Ne6 Rf5
27. Be2 h5 28. Bd3 Ra5 29. c4 b6 30. Nd4 Rg5 31. Nc6 Ra8 32. Rf4 Kd7 33. Rf7
Re8 34. Bc2 a3 35. bxa3 Rg4 36. Ba4 1-0

[Event "NAYCC U14"]
[Site "Windsor CAN"]
[Date "2016.08.11"]
[Round "8.62"]
[White "Liu, Aristo"]
[Black "Wang, Ricky"]
[Result "0-1"]
[WhiteElo "1914"]
[BlackElo "1807"]
[PlyCount "100"]
[EventDate "2016.08.07"]
[EventType "swiss"]
[EventRounds "9"]
[EventCountry "CAN"]

1. e4 e5 2. Nf3 Nc6 3. d4 exd4 4. Nxd4 Bc5 5. Nb3 Bb6 6. Nc3 Nf6 7. Qe2 O-O 8.
Be3 d5 9. Bxb6 axb6 10. O-O-O Re8 11. f3 Na5 12. Kb1 Nxb3 13. axb3 c6 14. Qf2
b5 15. exd5 Qa5 16. Kc1 Qa1+ 17. Nb1 Nxd5 18. Qd4 Bf5 19. Bd3 Bxd3 20. Rxd3 Ra2
21. b4 Rea8 22. b3 h6 23. Re1 Nxb4 24. Qxa1 Rxc2+ 25. Kd1 Rxa1 26. Re8+ Kh7 27.
Rd2 Rxb1+ 28. Ke2 Rbb2 29. Rxc2 Rxc2+ 30. Kf1 Kg6 31. Re4 Nd5 32. h4 Rb2 33.
Rg4+ Kf6 34. h5 Rxb3 35. Re4 Re3 36. Rd4 b4 37. Rd2 b3 38. g4 Rxf3+ 39. Kg1
Rg3+ 40. Kh1 Rxg4 41. Rb2 Rb4 42. Kh2 c5 43. Kh3 Nf4+ 44. Kg3 Nd3 45. Rb1 b2
46. Kh3 Rf4 47. Kg3 c4 48. Kh2 c3 49. Rg1 c2 50. Kh3 c1=Q 0-1

[Event "NAYCC U14"]
[Site "Windsor CAN"]
[Date "2016.08.11"]
[Round "8.63"]
[White "Hawthorn, Charles"]
[Black "Liu, Lambert"]
[Result "1/2-1/2"]
[WhiteElo "1666"]
[BlackElo "1827"]
[PlyCount "95"]
[EventDate "2016.08.07"]
[EventType "swiss"]
[EventRounds "9"]
[EventCountry "CAN"]

1. d4 f5 2. c4 Nf6 3. Nc3 d6 4. Nf3 g6 5. g3 Bg7 6. Bg2 O-O 7. O-O c6 8. d5 e5
9. e4 c5 10. a3 Na6 11. Rb1 Bd7 12. b4 b6 13. Re1 Qe7 14. Qb3 Nh5 15. Rb2 f4
16. Nd2 Qf6 17. Nd1 g5 18. gxf4 Nxf4 19. Nf1 Ng6 20. Ng3 g4 21. Ne3 Nh4 22. Qd1
Qg6 23. Nef5 Nxf5 24. Nxf5 Bxf5 25. exf5 Qxf5 26. Be4 Qh5 27. Qa4 Nb8 28. bxc5
bxc5 29. Qb5 Qf7 30. Qb7 Nd7 31. Qc7 Nb6 32. Qxf7+ Rxf7 33. Rc2 Bf8 34. Kh1 Be7
35. Rg1 Kh8 36. Rxg4 Rg8 37. Rxg8+ Kxg8 38. f3 Kh8 39. Kg1 Rg7+ 40. Kf1 Bg5 41.
Bxg5 Rxg5 42. Kf2 Kg7 43. h4 Rh5 44. Kg3 Rh6 45. Bd3 Rf6 46. Be4 Rf4 47. Rc3
Kh6 48. a4 1/2-1/2

[Event "NAYCC U14"]
[Site "Windsor CAN"]
[Date "2016.08.11"]
[Round "8.64"]
[White "Dill, James"]
[Black "Chen, Jacob"]
[Result "0-1"]
[WhiteElo "1870"]
[BlackElo "2011"]
[PlyCount "90"]
[EventDate "2016.08.07"]
[EventType "swiss"]
[EventRounds "9"]
[EventCountry "CAN"]

1. e4 e5 2. Nf3 Nc6 3. Bb5 Nf6 4. O-O Bc5 5. d3 Nd4 6. Nxd4 Bxd4 7. c3 Bb6 8.
Bc4 O-O 9. Bg5 h6 10. Bh4 d6 11. h3 c6 12. Re1 Qe7 13. Nd2 Be6 14. Bb3 Rad8 15.
Nf3 g5 16. Bg3 Nh5 17. Bh2 Ng7 18. d4 f6 19. Qc2 Bxb3 20. Qxb3+ Kh7 21. a4 Qc7
22. Rad1 Rde8 23. Qc2 Kh8 24. b4 a6 25. Qb3 Ne6 26. Qb2 Kh7 27. Qe2 Re7 28. g4
Rh8 29. Kg2 Kg7 30. Bg3 Rh7 31. h4 Kf8 32. Rh1 Reg7 33. hxg5 hxg5 34. Qc4 Qe7
35. d5 cxd5 36. Qxd5 Rxh1 37. Rxh1 Qd7 38. Rd1 Ke7 39. a5 Ba7 40. Nd2 Nf4+ 41.
Bxf4 gxf4 42. Nc4 Qxg4+ 43. Kf1 Qg1+ 44. Ke2 Qxf2+ 45. Kd3 Rg3+ 0-1

[Event "NAYCC U14"]
[Site "Windsor CAN"]
[Date "2016.08.11"]
[Round "8.65"]
[White "Liang, Hairan"]
[Black "Pulfer, Luke"]
[Result "1/2-1/2"]
[WhiteElo "2002"]
[BlackElo "1868"]
[PlyCount "70"]
[EventDate "2016.08.07"]
[EventType "swiss"]
[EventRounds "9"]
[EventCountry "CAN"]

1. e4 e5 2. Nf3 Nc6 3. Bc4 Nf6 4. d3 Bc5 5. c3 O-O 6. O-O d5 7. exd5 Nxd5 8.
Re1 Bg4 9. h3 Bh5 10. Nbd2 Nb6 11. b4 Bd6 12. Bb3 Bg6 13. Ne4 h6 14. Nc5 Bxc5
15. bxc5 Nd5 16. Nxe5 Nxe5 17. Rxe5 Nxc3 18. Qe1 Nb5 19. a4 Nd4 20. Rd5 Qf6 21.
Bb2 Nf3+ 22. gxf3 Qxb2 23. Bc4 Qf6 24. Re5 Qxf3 25. Qe3 Qxe3 26. fxe3 Rfe8 27.
Rxe8+ Rxe8 28. Kf2 b6 29. a5 Kf8 30. axb6 axb6 31. cxb6 cxb6 32. Ra7 Re7 33.
Ra8+ Re8 34. Ra7 Rb8 35. Bb5 Bf5 1/2-1/2

[Event "NAYCC U14"]
[Site "Windsor CAN"]
[Date "2016.08.11"]
[Round "8.66"]
[White "Liu, Kevin"]
[Black "Baker, Vincent"]
[Result "0-1"]
[WhiteElo "1802"]
[BlackElo "1994"]
[PlyCount "47"]
[EventDate "2016.08.07"]
[EventType "swiss"]
[EventRounds "9"]
[EventCountry "CAN"]

1. d4 Nf6 2. c4 e6 3. Nc3 Bb4 4. Qc2 b6 5. e4 Bb7 6. Bd3 Bxc3+ 7. bxc3 d6 8.
Nf3 Nbd7 9. O-O e5 10. Bb2 O-O 11. Nd2 Nh5 12. Rfe1 Nf4 13. Bf1 f5 14. f3 Qg5
15. exf5 Rxf5 16. Ne4 Bxe4 17. Rxe4 Nf6 18. Ree1 e4 19. Bc1 exf3 20. g3 Qg4 21.
Bxf4 Rxf4 22. Kh1 Rf5 23. Qd3 Rh5 24. Rab1 0-1

[Event "NAYCC U14"]
[Site "Windsor CAN"]
[Date "2016.08.11"]
[Round "8.67"]
[White "Zhang, Henry"]
[Black "Padmanabhan, Karthik"]
[Result "1-0"]
[WhiteElo "1957"]
[BlackElo "1818"]
[PlyCount "171"]
[EventDate "2016.08.07"]
[EventType "swiss"]
[EventRounds "9"]
[EventCountry "CAN"]

1. e4 e5 2. Nf3 Nc6 3. Bc4 Bc5 4. d3 Nf6 5. O-O d6 6. c3 a6 7. Bb3 Ba7 8. Nbd2
O-O 9. h3 h6 10. Re1 Nh5 11. Nf1 Qf6 12. Be3 Nf4 13. Bxa7 Rxa7 14. N3h2 Qg5 15.
Ng3 h5 16. Nf3 Qf6 17. Kh1 Be6 18. Re3 g6 19. Ng1 Bxb3 20. Qxb3 Qe6 21. Qd1 Ne7
22. N3e2 Nxe2 23. Nxe2 Raa8 24. f4 f5 25. d4 fxe4 26. Rxe4 Qd5 27. Qc2 Nc6 28.
c4 Qf7 29. d5 Nd4 30. Nxd4 exd4 31. Rae1 Rae8 32. Qd3 Qf5 33. Qxd4 Rxe4 34.
Qxe4 Qxe4 35. Rxe4 Kf7 36. g3 Rc8 37. Re6 b5 38. cxb5 axb5 39. Re4 c5 40. dxc6
Rxc6 41. Rb4 Rc5 42. Kg2 Ke6 43. Kf3 Kf5 44. g4+ hxg4+ 45. hxg4+ Kf6 46. Rd4
Ke6 47. Ke4 Rc2 48. Rb4 Rc5 49. Kd3 Ke7 50. Re4+ Kf6 51. b3 Kf7 52. a4 bxa4 53.
bxa4 d5 54. Rb4 Ke6 55. Rb6+ Kf7 56. Rb4 Ke6 57. Kd4 Ra5 58. Kc3 Kd6 59. g5 Ke6
60. Rd4 Kd6 61. Rb4 Ke6 62. Kb3 Ra6 63. Rd4 Rb6+ 64. Kc3 Kd6 65. a5 Rb8 66. a6
Ra8 67. Ra4 Ke6 68. Kd4 Kd6 69. a7 Kc6 70. Ra6+ Kb7 71. Rxg6 Kxa7 72. Kxd5 Kb7
73. Ke6 Kc6 74. Kf7+ Kd7 75. f5 Ra5 76. Rf6 Re5 77. g6 Re7+ 78. Kg8 Re8+ 79.
Kh7 Re1 80. g7 Re7 81. Kh8 Re8+ 82. g8=Q Rxg8+ 83. Kxg8 Ke7 84. Re6+ Kd7 85. f6
Kxe6 86. f7 1-0

[Event "NAYCC U14"]
[Site "Windsor CAN"]
[Date "2016.08.11"]
[Round "8.68"]
[White "Feng, Richard"]
[Black "Bu, Kevin"]
[Result "0-1"]
[WhiteElo "1679"]
[BlackElo "1948"]
[PlyCount "96"]
[EventDate "2016.08.07"]
[EventType "swiss"]
[EventRounds "9"]
[EventCountry "CAN"]

1. e4 Nf6 2. e5 Nd5 3. Nc3 Nxc3 4. dxc3 d6 5. Nf3 Nc6 6. Bf4 a6 7. Bc4 e6 8.
Qe2 d5 9. O-O-O Bd7 10. Bd3 b5 11. h4 Na5 12. Ng5 h6 13. Nh7 c5 14. Qh5 Qe7 15.
Bxh6 gxh6 16. Rh3 c4 17. Be4 O-O-O 18. Nxf8 dxe4 19. Nxd7 Rxd7 20. Re1 Qc5 21.
Rhe3 f5 22. Qg6 Qxe5 23. f3 Rg7 24. Qh5 Rxg2 25. fxe4 Qh2 26. R1e2 Rxe2 27.
Qxe2 Qxe2 28. Rxe2 fxe4 29. Rxe4 Kd7 30. Kd2 Nc6 31. Ke3 Rg8 32. Kf3 e5 33. Re1
Ke6 34. Rd1 h5 35. a4 Rg4 36. Rh1 e4+ 37. Ke3 Ke5 38. Rh2 bxa4 39. Ke2 Ne7 40.
Ke3 Nf5+ 41. Kf2 Kf4 42. Ke2 e3 43. Kf1 Kf3 44. b3 e2+ 45. Rxe2 Ng3+ 46. Ke1
Nxe2 47. b4 Ke3 48. b5 Rg1# 0-1

[Event "NAYCC U14"]
[Site "Windsor CAN"]
[Date "2016.08.11"]
[Round "8.69"]
[White "Yaskolko, Maxim"]
[Black "Uthayakumar, Ronan"]
[Result "1/2-1/2"]
[WhiteElo "2014"]
[BlackElo "1541"]
[PlyCount "76"]
[EventDate "2016.08.07"]
[EventType "swiss"]
[EventRounds "9"]
[EventCountry "CAN"]

1. e4 c5 2. Nf3 Nc6 3. d4 cxd4 4. Nxd4 g6 5. c4 Bg7 6. Be3 Nf6 7. Nc3 d6 8. Be2
O-O 9. O-O Bd7 10. f3 Rc8 11. Qd2 a6 12. Rac1 h5 13. b3 Kh7 14. Nd5 Nxd5 15.
exd5 Nxd4 16. Bxd4 Bxd4+ 17. Qxd4 Qa5 18. Qb2 b5 19. Rfe1 Rfe8 20. Bd3 bxc4 21.
Bxc4 Bb5 22. Bxb5 Qxb5 23. Rxc8 Rxc8 24. Rxe7 Qc5+ 25. Qf2 Qxd5 26. h3 Kg8 27.
Re2 Qc5 28. Qxc5 dxc5 29. Rc2 a5 30. a3 f5 31. b4 axb4 32. axb4 c4 33. Kf2 c3
34. Ke3 Rb8 35. Rxc3 Rxb4 36. f4 Kf7 37. Kf3 h4 38. Rc7+ Kg8 1/2-1/2

[Event "NAYCC U14"]
[Site "Windsor CAN"]
[Date "2016.08.11"]
[Round "8.70"]
[White "Pan, David"]
[Black "Singireddy, Sathvik"]
[Result "1-0"]
[WhiteElo "1854"]
[BlackElo "1530"]
[PlyCount "55"]
[EventDate "2016.08.07"]
[EventType "swiss"]
[EventRounds "9"]
[EventCountry "CAN"]

1. e4 c5 2. Nf3 g6 3. Nc3 Bg7 4. d4 cxd4 5. Nxd4 Nf6 6. Be3 d6 7. Qd2 Nc6 8. f3
O-O 9. g4 a6 10. O-O-O Bd7 11. h4 b5 12. h5 Ne5 13. Bh6 Bxh6 14. Qxh6 g5 15.
Qxg5+ Kh8 16. Qd2 Ng8 17. g5 f6 18. f4 Ng4 19. g6 N4h6 20. f5 Qc8 21. Be2 Rb8
22. Rdg1 Kg7 23. Qf4 a5 24. Qg3 Ng4 25. h6+ N8xh6 26. Rxh6 Kxh6 27. Qh4+ Kg7
28. Qxh7# 1-0

[Event "NAYCC U14"]
[Site "Windsor CAN"]
[Date "2016.08.11"]
[Round "8.71"]
[White "Le, Collin"]
[Black "Gaisinsky, Adam"]
[Result "0-1"]
[WhiteElo "1540"]
[BlackElo "1721"]
[PlyCount "68"]
[EventDate "2016.08.07"]
[EventType "swiss"]
[EventRounds "9"]
[EventCountry "CAN"]

1. e4 e5 2. Nf3 Nc6 3. Bb5 a6 4. Ba4 Nf6 5. O-O Be7 6. Re1 b5 7. Bb3 d6 8. c3
O-O 9. h3 Na5 10. Bc2 c5 11. d4 Nc6 12. dxe5 dxe5 13. Qe2 Qc7 14. Nbd2 c4 15.
Nf1 Be6 16. Ne3 Rfe8 17. Ng5 Rad8 18. Nf5 Bxf5 19. exf5 Na5 20. Ne4 Nb7 21. Bg5
Nxe4 22. Bxe7 Rxe7 23. Qxe4 Nc5 24. Qf3 e4 25. Qg4 Qb6 26. Re3 Rde8 27. Rae1
Nd3 28. Bxd3 cxd3 29. Rxd3 exd3 30. Rxe7 Rxe7 31. f6 Re1+ 32. Kh2 Qc7+ 33. f4
g6 34. Qh4 Re6 0-1

[Event "NAYCC U14"]
[Site "Windsor CAN"]
[Date "2016.08.11"]
[Round "8.72"]
[White "Atanasov, David"]
[Black "Sivapathasundaram, Manojh"]
[Result "1/2-1/2"]
[WhiteElo "1518"]
[BlackElo "1552"]
[PlyCount "38"]
[EventDate "2016.08.07"]
[EventType "swiss"]
[EventRounds "9"]
[EventCountry "CAN"]

1. d4 Nf6 2. c4 g6 3. Nc3 Bg7 4. Nf3 O-O 5. Bf4 d6 6. h3 Bf5 7. e3 c5 8. Qb3
cxd4 9. exd4 Qc8 10. Be2 Nc6 11. Rd1 b6 12. Na4 d5 13. c5 Na5 14. Qc3 Ne4 15.
Qc1 Bd7 16. Qc2 bxc5 17. dxc5 Bxa4 18. Qxa4 Qxc5 19. Be3 d4 1/2-1/2

[Event "NAYCC U14"]
[Site "Windsor CAN"]
[Date "2016.08.11"]
[Round "8.73"]
[White "Guan, Zi Yu"]
[Black "Chin, Jonathan"]
[Result "0-1"]
[WhiteElo "1513"]
[BlackElo "1985"]
[PlyCount "102"]
[EventDate "2016.08.07"]
[EventType "swiss"]
[EventRounds "9"]
[EventCountry "CAN"]

1. e4 c5 2. Nf3 Nc6 3. d4 cxd4 4. Nxd4 g6 5. Nc3 Bg7 6. Be3 Nf6 7. Bc4 O-O 8.
f3 Qb6 9. Bb3 Nxe4 10. fxe4 Bxd4 11. Bxd4 Qxd4 12. Qxd4 Nxd4 13. O-O-O Nxb3+
14. axb3 Rb8 15. Nd5 Re8 16. Nc7 Rd8 17. e5 b6 18. e6 fxe6 19. Nxe6 Re8 20. Nc7
Rf8 21. Nd5 Rf7 22. Rhe1 e6 23. Nc7 Bb7 24. g3 a6 25. Rd3 Rc8 26. Rc3 h5 27. h4
Kg7 28. Rd1 Bc6 29. Nxa6 Ra8 30. Nb4 Ra1+ 31. Kd2 Rxd1+ 32. Kxd1 Rf3 33. Nxc6
Rxc3 34. bxc3 dxc6 35. Ke2 Kf6 36. Kf3 Kf5 37. c4 c5 38. c3 e5 39. b4 e4+ 40.
Ke3 Ke5 41. bxc5 bxc5 42. Kf2 Ke6 43. Ke3 Kf5 44. Ke2 Kg4 45. Kf2 e3+ 46. Kxe3
Kxg3 47. Ke4 Kxh4 48. Kd5 g5 49. Kxc5 g4 50. Kd4 g3 51. Ke3 Kh3 0-1

[Event "NAYCC U14"]
[Site "Windsor CAN"]
[Date "2016.08.11"]
[Round "8.74"]
[White "Rama, Vikas"]
[Black "Yie, Kevin"]
[Result "0-1"]
[WhiteElo "1627"]
[BlackElo "1760"]
[PlyCount "128"]
[EventDate "2016.08.07"]
[EventType "swiss"]
[EventRounds "9"]
[EventCountry "CAN"]

1. c4 Nf6 2. Nc3 c6 3. g3 d5 4. cxd5 cxd5 5. d4 Nc6 6. Bg2 Bf5 7. Nf3 e6 8. O-O
Be7 9. Nh4 Bg4 10. h3 Bh5 11. Nf3 h6 12. b3 O-O 13. Bb2 Bg6 14. Nh4 Bh7 15. Nf3
Rc8 16. Rc1 Nd7 17. Re1 Nf6 18. e3 Nb4 19. Bf1 a6 20. a3 Nc6 21. Bd3 Ne4 22.
Nd2 f5 23. Kg2 Bd6 24. Ncxe4 fxe4 25. Be2 Qg5 26. Nf1 Rf7 27. Bg4 Bf5 28. Bxf5
Qxf5 29. Rc2 Rcf8 30. Qe2 e5 31. dxe5 Bxe5 32. Bxe5 Nxe5 33. Ra1 Nd3 34. Raa2
Qe5 35. Qd1 b5 36. Nh2 h5 37. Nf1 Rf5 38. Re2 h4 39. g4 R5f7 40. Rec2 d4 41.
exd4 Qxd4 42. Ne3 Rf3 43. Rd2 Rxe3 44. fxe3 Qxe3 45. Rxd3 exd3 46. Rd2 Qg3+ 47.
Kh1 Qxh3+ 48. Kg1 Qe3+ 49. Kg2 h3+ 50. Kh2 Rf2+ 51. Rxf2 Qxf2+ 52. Kxh3 d2 53.
b4 Qe1 54. Qb3+ Kh8 55. Qf3 d1=Q 56. Qf8+ Kh7 57. Qf5+ Kg8 58. Qc8+ Kf7 59.
Qf5+ Ke7 60. Qg5+ Kd6 61. Qc5+ Ke6 62. Qf5+ Ke7 63. Qg5+ Kd7 64. Qf5+ Qe6 0-1

[Event "NAYCC U14"]
[Site "Windsor CAN"]
[Date "2016.08.11"]
[Round "8.75"]
[White "Mathews, Joshua"]
[Black "Zhang, Zhehai"]
[Result "0-1"]
[WhiteElo "1446"]
[BlackElo "1678"]
[PlyCount "131"]
[EventDate "2016.08.07"]
[EventType "swiss"]
[EventRounds "9"]
[EventCountry "CAN"]

1. e4 c5 2. Nf3 e6 3. c3 d5 4. e5 Nc6 5. d4 Qb6 6. a3 c4 7. Nbd2 Na5 8. Rb1 Bd7
9. Be2 Ne7 10. O-O h6 11. Qe1 g5 12. h3 Ng6 13. Bd1 Qc7 14. b4 cxb3 15. Bxb3
Qxc3 16. Bb2 Qc7 17. Qe3 Bb5 18. Rfc1 Qd7 19. g3 Be7 20. Bc3 Nxb3 21. Rxb3 Ba4
22. Rbb1 Bxa3 23. Bb2 Bxb2 24. Rxb2 Ne7 25. g4 Ng6 26. Ra1 Bc6 27. Nb3 Nf4 28.
Kh2 Qe7 29. Ng1 O-O 30. Ne2 Nxe2 31. Rxe2 b6 32. f4 a5 33. fxg5 Qxg5 34. Qg3 a4
35. h4 Qg6 36. Nc1 b5 37. Nd3 f5 38. Nf4 Qxg4 39. Qxg4+ fxg4 40. Nxe6 Rf7 41.
Rc2 Be8 42. Rg2 h5 43. Ng5 Rb7 44. Ne6 b4 45. Nc5 Rbb8 46. e6 a3 47. Rg3 Bb5
48. e7 Bc4 49. Nd7 Kf7 50. Nxb8 Rxb8 51. Re3 Re8 52. Rae1 a2 53. Re5 b3 54.
Rxh5 b2 55. Rf5+ Kg6 56. Rf8 b1=Q 57. Re6+ Kg7 58. Rxe8 Qc2+ 59. Kg3 Qd3+ 60.
Kxg4 Qxd4+ 61. Kg3 Bb5 62. Rb8 a1=Q 63. e8=Q Bxe8 64. Rb7+ Bf7 65. Ree7 Qdg1+
66. Kf3 0-1

[Event "NAYCC U14"]
[Site "Windsor CAN"]
[Date "2016.08.11"]
[Round "8.76"]
[White "Wilson, Kameron"]
[Black "Li, Eric M"]
[Result "1-0"]
[WhiteElo "1439"]
[BlackElo "1658"]
[PlyCount "95"]
[EventDate "2016.08.07"]
[EventType "swiss"]
[EventRounds "9"]
[EventCountry "CAN"]

1. c4 e5 2. g3 f5 3. Bg2 Nf6 4. Nc3 Nc6 5. e3 g6 6. Nge2 Bg7 7. O-O O-O 8. d4
e4 9. d5 Ne5 10. b3 d6 11. Ba3 Qe8 12. Nb5 Qf7 13. Nbd4 Nd3 14. Rb1 g5 15. f3
Qg6 16. Nc3 exf3 17. Nxf3 Nc5 18. Bxc5 dxc5 19. Nb5 Ne8 20. Qd2 a6 21. Nc3 h6
22. Ne1 Nd6 23. Nd3 b6 24. Rbe1 Re8 25. Kh1 Bd7 26. Re2 Re7 27. Nd1 Rae8 28.
N1f2 Nf7 29. Rfe1 Ne5 30. Nxe5 Rxe5 31. e4 fxe4 32. Rxe4 Bf5 33. Rxe5 Rxe5 34.
Rxe5 Bxe5 35. Qe2 Bd4 36. Ne4 Kg7 37. g4 Bxe4 38. Qxe4 Qxe4 39. Bxe4 Kf6 40.
Kg2 Ke5 41. Kf3 Bg1 42. h3 Kd4 43. Bc2 Be3 44. a4 Bf4 45. Ke2 b5 46. cxb5 axb5
47. a5 Kxd5 48. Be4+ 1-0

[Event "NAYCC U14"]
[Site "Windsor CAN"]
[Date "2016.08.11"]
[Round "8.77"]
[White "Titus, Joshua"]
[Black "Tamayo, Santiago"]
[Result "0-1"]
[WhiteElo "1155"]
[BlackElo "1386"]
[PlyCount "94"]
[EventDate "2016.08.07"]
[EventType "swiss"]
[EventRounds "9"]
[EventCountry "CAN"]

1. d4 Nf6 2. c4 g6 3. Nc3 Bg7 4. Nf3 O-O 5. Bg5 d6 6. e3 h6 7. Bf4 Nh5 8. Bg3
Nxg3 9. hxg3 e5 10. Qd3 exd4 11. Nxd4 Nd7 12. O-O-O Nc5 13. Qd2 Re8 14. b4 Ne6
15. Nxe6 Bxe6 16. Bd3 Qf6 17. Kc2 a5 18. b5 d5 19. cxd5 Bxd5 20. Be2 Bxg2 21.
Rh2 Bf3 22. Bxf3 Qxf3 23. Qd5 Qxd5 24. Nxd5 Rad8 25. Ne7+ Kf8 26. Nd5 Re5 27.
Nc3 Rxd1 28. Kxd1 Rc5 29. Ne4 Rxb5 30. f4 Rb1+ 31. Ke2 Rb2+ 32. Nd2 Rxa2 33.
Kf3 Bc3 34. Nf1 Rxh2 35. Nxh2 a4 36. Nf1 a3 37. Ke2 a2 38. Nd2 a1=Q 39. Kd3
Bxd2 40. Kxd2 Qa3 41. Ke2 b5 42. Kf3 b4 43. Ke2 Qc3 44. Kf2 b3 45. Kf3 b2 46.
Ke4 b1=Q+ 47. Kd5 Qbd3# 0-1

[Event "NAYCC U14"]
[Site "Windsor CAN"]
[Date "2016.08.11"]
[Round "8.78"]
[White "Hou, Frank"]
[Black "Cui, Kevin"]
[Result "1/2-1/2"]
[WhiteElo "1295"]
[BlackElo "1204"]
[PlyCount "32"]
[EventDate "2016.08.07"]
[EventType "swiss"]
[EventRounds "9"]
[EventCountry "CAN"]

1. e4 c5 2. Nf3 d6 3. d4 cxd4 4. Nxd4 Nf6 5. Nc3 g6 6. Be3 Bg7 7. Qd2 Ng4 8.
Be2 Nxe3 9. Qxe3 O-O 10. h4 h5 11. Bd3 Nc6 12. Nde2 Nb4 13. a3 Nxd3+ 14. Qxd3
Re8 15. O-O-O Bd7 16. Qd5 Bc6 1/2-1/2

[Event "NAYCC U14"]
[Site "Windsor CAN"]
[Date "2016.08.11"]
[Round "8.79"]
[White "Butchart, Brian"]
[Black "Harichandrabose, Vicknan"]
[Result "1-0"]
[WhiteElo "1177"]
[BlackElo "1210"]
[PlyCount "89"]
[EventDate "2016.08.07"]
[EventType "swiss"]
[EventRounds "9"]
[EventCountry "CAN"]

1. e4 e6 2. d3 d5 3. Nd2 c5 4. g3 Nc6 5. Bg2 Nf6 6. Ngf3 Bd6 7. O-O O-O 8. Re1
Qc7 9. Qe2 dxe4 10. dxe4 e5 11. Nc4 Be6 12. Nxd6 Qxd6 13. Rd1 Qc7 14. Bg5 Qe7
15. c3 h6 16. Bxf6 Qxf6 17. b3 Rad8 18. Qb5 Qe7 19. Qe2 a6 20. Nd2 Qg5 21. h3
Ne7 22. Nf3 Qf6 23. Rd2 Ng6 24. Rad1 Qe7 25. c4 f5 26. exf5 Bxf5 27. Rxd8 Rxd8
28. Rxd8+ Qxd8 29. Nxe5 Qe7 30. f4 Nxe5 31. Qxe5 Qxe5 32. fxe5 Bc8 33. Kf2 Kf7
34. Ke3 Ke6 35. Ke4 b5 36. Bf1 Bb7+ 37. Kf4 g5+ 38. Kg4 b4 39. Bd3 Kxe5 40. Kh5
Kd4 41. Bb1 Kc3 42. Kxh6 Kb2 43. Bf5 Kxa2 44. Kxg5 Kxb3 45. h4 1-0